Economic geography

Enregistré dans:
Détails bibliographiques
Format: Publication en série
Langue:anglais
Publié: Worcester Clark University 2006
Sujets:
Tags: Ajouter un tag
Pas de tags, Soyez le premier à ajouter un tag!

MARC

LEADER 00000nas2a22000001 4500
001 0109337
005 20100126150915.9
022 |a 0013-0095 
041 0 |a eng 
044 |a US 
245 1 0 |a Economic geography 
264 1 |a Worcester  |b Clark University  |c 2006 
773 0 |w eu_un_cat*s120646 
610 2 0 |a geografia hospodárska